| 000 | 00686nam a22001697a 4500 | ||
|---|---|---|---|
| 003 | OSt | ||
| 005 | 20130522132005.0 | ||
| 008 | 130522s1992 xxu||||| |||| 00| 0 spa d | ||
| 040 | _cCDMR | ||
| 245 | 0 | 0 |
_aManual de seguridad para periodistas _b: las armas del periodista : disuación y persuasión [sic] _cFabián Chacón López |
| 260 |
_a[Lima] _bFederación Internacional de Periodistas. Oficina Regional América Latina _c[cop. 1991] |
||
| 300 |
_a32 p. _bil. |
||
| 650 | 0 | 4 |
_92767 _aPeriodistes _xSituació legal, lleis, etc |
| 700 | 1 |
_93485 _aChacón López, Fabián |
|
| 710 | 2 |
_9997 _aInternational Federation of Journalists _b -- Oficina Regional América Latina |
|
| 942 |
_2udc _cFULLET |
||
| 999 |
_c6294 _d6294 |
||